| 000 | 00569nam a2200205Ia 4500 | ||
|---|---|---|---|
| 005 | 20260429112111.0 | ||
| 008 | 260429s9999||||xx |||||||||||||| ||und|| | ||
| 020 | _a9781032713823 | ||
| 041 | _aEnglish | ||
| 082 |
_a519.5 _bBAS |
||
| 100 | _aBasavarajaiah, D. M. | ||
| 245 | 0 |
_aAdvanced statistical methods in life science / _cD. M. Basavarajaiah |
|
| 250 | _a1st ed. | ||
| 260 |
_aBoca Raton : _bCRC Press, _c2026. |
||
| 300 | _axxvi, 323 p.; pbk | ||
| 650 | _a Statistical methods | ||
| 650 | _aLife science | ||
| 700 | _a Narasimhamurthy, B. | ||
| 942 | _cTB | ||
| 999 |
_c52350 _d52350 |
||